[Event "Madrid ch Veteranos 2018-2019"]
[Site "Madrid ESP"]
[Date "2019.01.07"]
[Round "1.1"]
[White "Elissalt Cardenas, Hector"]
[Black "Lopez Peral, Enrique"]
[Result "1-0"]
[WhiteElo "2303"]
[BlackElo "1702"]
[PlyCount "57"]
[EventDate "2019.01.07"]
[EventType "swiss"]
[EventRounds "9"]
[EventCountry "ESP"]
[SourceTitle "Ajedrez en Madrid"]
[Source "lmi"]
[SourceDate "2019.01.07"]
[SourceVersion "1"]
[SourceVersionDate "2019.01.22"]
[SourceQuality "1"]

1. d4 Nf6 2. Nf3 e6 3. Bf4 c5 4. e3 Qa5+ 5. c3 Nc6 6. Nbd2 cxd4 7. exd4 Qf5 8.
Bg3 Be7 9. Be2 O-O 10. O-O g5 11. Nc4 Qg6 12. Nfe5 Qg7 13. f4 Nd5 14. Qd3 f5
15. fxg5 Bxg5 16. Bf3 f4 17. Bf2 Nce7 18. Nd6 Nf5 19. Nxf5 Rxf5 20. Bxd5 Rxe5
21. dxe5 exd5 22. Qxd5+ Kh8 23. Bd4 h6 24. e6 Bf6 25. e7 Qxe7 26. Rae1 Bxd4+
27. Qxd4+ Qg7 28. Re8+ Kh7 29. Qe4+ 1-0

[Event "Madrid ch Veteranos 2018-2019"]
[Site "Madrid ESP"]
[Date "2019.01.07"]
[Round "1.3"]
[White "Sanchez Garcia, Aurelio"]
[Black "Calderon Martin, Antonio"]
[Result "1-0"]
[WhiteElo "2058"]
[BlackElo "1681"]
[PlyCount "85"]
[EventDate "2019.01.07"]
[EventType "swiss"]
[EventRounds "9"]
[EventCountry "ESP"]
[SourceTitle "Ajedrez en Madrid"]
[Source "lmi"]
[SourceDate "2019.01.07"]
[SourceVersion "1"]
[SourceVersionDate "2019.01.22"]
[SourceQuality "1"]

1. Nf3 d5 2. e3 c6 3. c4 e6 4. b3 f5 5. Be2 Nf6 6. O-O Bd6 7. Ba3 O-O 8. Qc1
Re8 9. d4 Bc7 10. Nc3 Nbd7 11. Rd1 Ne4 12. Rb1 Nxc3 13. Qxc3 Nf6 14. Ne5 Ne4
15. Qe1 Nf6 16. b4 Nd7 17. f4 Nf6 18. b5 Bd7 19. Rdc1 Bxe5 20. dxe5 Ne4 21. Bh5
g6 22. Bf3 cxb5 23. cxb5 Qb6 24. Bxe4 fxe4 25. Bc5 Qd8 26. Bd6 a6 27. bxa6 bxa6
28. Rc7 Rc8 29. Rbb7 Rxc7 30. Rxc7 Bb5 31. h4 Kh8 32. Kh2 Rg8 33. Re7 Qc8 34.
Qg3 Rg7 35. Qg5 Rxe7 36. Bxe7 Kg8 37. h5 Qe8 38. f5 exf5 39. e6 Be2 40. h6 Qb8+
41. g3 Bg4 42. Ba3 Qe8 43. Qf6 1-0

[Event "Madrid ch Veteranos 2018-2019"]
[Site "Madrid ESP"]
[Date "2019.01.07"]
[Round "1.4"]
[White "Martinez Miura, Enrique"]
[Black "Gonzalez Rivera, Eduardo"]
[Result "0-1"]
[WhiteElo "1661"]
[BlackElo "2025"]
[PlyCount "82"]
[EventDate "2019.01.07"]
[EventType "swiss"]
[EventRounds "9"]
[EventCountry "ESP"]
[SourceTitle "Ajedrez en Madrid"]
[Source "lmi"]
[SourceDate "2019.01.07"]
[SourceVersion "1"]
[SourceVersionDate "2019.01.22"]
[SourceQuality "1"]

1. e4 e5 2. Nf3 Nc6 3. Bb5 a6 4. Bxc6 dxc6 5. O-O Bg4 6. h3 h5 7. d3 Qf6 8. Be3
Bxf3 9. Qxf3 Qxf3 10. gxf3 Bd6 11. Nd2 Ne7 12. Nc4 Ng6 13. Nxd6+ cxd6 14. Kh2
f6 15. Rg1 Kf7 16. Rg3 Nh4 17. f4 Rad8 18. Rag1 Rhg8 19. fxe5 dxe5 20. f4 exf4
21. Bxf4 g5 22. Be3 Rge8 23. Rf1 Kg7 24. Bd2 Kg6 25. Bc3 f5 26. e5 g4 27. b3
Rf8 28. Bd2 Rd5 29. Bf4 Kh7 30. c3 c5 31. Re3 Nf3+ 32. Rfxf3 gxf3 33. Rxf3 Rfd8
34. d4 cxd4 35. cxd4 Rxd4 36. Kg3 Rd3 37. h4 Rxf3+ 38. Kxf3 Rd3+ 39. Ke2 Rh3
40. Bg5 Rh2+ 41. Kf3 Rxa2 0-1

[Event "Madrid ch Veteranos 2018-2019"]
[Site "Madrid ESP"]
[Date "2019.01.07"]
[Round "1.5"]
[White "Lorenzo Bailador, Alfredo"]
[Black "Bellagamba, Pascal"]
[Result "1-0"]
[WhiteElo "2017"]
[BlackElo "1640"]
[PlyCount "91"]
[EventDate "2019.01.07"]
[EventType "swiss"]
[EventRounds "9"]
[EventCountry "ESP"]
[SourceTitle "Ajedrez en Madrid"]
[Source "lmi"]
[SourceDate "2019.01.07"]
[SourceVersion "1"]
[SourceVersionDate "2019.01.22"]
[SourceQuality "1"]

1. e4 e5 2. Nf3 Nc6 3. d4 exd4 4. Bc4 Be7 5. Nxd4 Nxd4 6. Qxd4 Bf6 7. Qd3 d6 8.
Nc3 Ne7 9. O-O Be6 10. Nd5 Bxd5 11. exd5 O-O 12. c3 a6 13. Be3 Qd7 14. Bd4 Bxd4
15. Qxd4 Rae8 16. Rfe1 Ng6 17. Bf1 Re7 18. Rxe7 Nxe7 19. Re1 Ng6 20. Qa7 Qc8
21. Re3 Qa8 22. Qd4 Re8 23. h4 Rxe3 24. Qxe3 Nxh4 25. Qe7 Nf5 26. Qxc7 b5 27.
Bd3 Qe8 28. Kf1 g6 29. Bxf5 gxf5 30. Qxd6 Qe4 31. Qg3+ Kf8 32. Qb8+ Kg7 33.
Qg3+ Kf8 34. Qd6+ Kg7 35. Qg3+ Kf8 36. Qd6+ Kg7 37. Qg3+ Kf8 38. Qd6+ Kg7 39.
Kg1 Qe1+ 40. Kh2 Qxf2 41. Qg3+ Qxg3+ 42. Kxg3 Kf6 43. Kf4 h5 44. g3 Ke7 45. b3
Kd6 46. c4 1-0

[Event "Madrid ch Veteranos 2018-2019"]
[Site "Madrid ESP"]
[Date "2019.01.07"]
[Round "1.6"]
[White "Martinez Pintor, Juan"]
[Black "Martin Martin, Luis Vicente"]
[Result "0-1"]
[WhiteElo "1628"]
[BlackElo "1981"]
[PlyCount "86"]
[EventDate "2019.01.07"]
[EventType "swiss"]
[EventRounds "9"]
[EventCountry "ESP"]
[SourceTitle "Ajedrez en Madrid"]
[Source "lmi"]
[SourceDate "2019.01.07"]
[SourceVersion "1"]
[SourceVersionDate "2019.01.22"]
[SourceQuality "1"]

1. d4 Nf6 2. Nf3 d5 3. e3 Bf5 4. Nbd2 e6 5. c3 c6 6. Qb3 Qc7 7. c4 Nbd7 8. cxd5
exd5 9. Bd3 Ne4 10. Qc2 Bb4 11. a3 Bxd2+ 12. Bxd2 Nxd2 13. Nxd2 Bxd3 14. Qxd3
O-O 15. O-O Nf6 16. Qf5 Rfe8 17. Nf3 Ne4 18. Ng5 g6 19. Qg4 f5 20. Qh4 Qe7 21.
Nf3 Qxh4 22. Nxh4 f4 23. exf4 Nd2 24. Rfe1 Nb3 25. Rad1 Rxe1+ 26. Rxe1 Nxd4 27.
g4 Rf8 28. Re7 Rf7 29. Rxf7 Kxf7 30. Kg2 c5 31. Nf3 Nxf3 32. Kxf3 b5 33. Ke3 a5
34. Kd3 a4 35. Kc3 Ke6 36. Kd3 Kd6 37. h4 Ke6 38. Kc3 d4+ 39. Kd3 Kd5 40. f5
gxf5 41. g5 Ke5 42. h5 c4+ 43. Kd2 f4 0-1

[Event "Madrid ch Veteranos 2018-2019"]
[Site "Madrid ESP"]
[Date "2019.01.07"]
[Round "1.7"]
[White "Cabañas Bravo, Juan Andres"]
[Black "Ortega Molina, Tomas"]
[Result "1-0"]
[WhiteElo "1965"]
[BlackElo "1623"]
[PlyCount "69"]
[EventDate "2019.01.07"]
[EventType "swiss"]
[EventRounds "9"]
[EventCountry "ESP"]
[SourceTitle "Ajedrez en Madrid"]
[Source "lmi"]
[SourceDate "2019.01.07"]
[SourceVersion "1"]
[SourceVersionDate "2019.01.22"]
[SourceQuality "1"]

1. e4 c5 2. Nf3 d6 3. c3 Nc6 4. d4 cxd4 5. cxd4 Nf6 6. Be2 Nxe4 7. d5 Qa5+ 8.
Nc3 Nxc3 9. bxc3 Nd8 10. O-O g6 11. Qd4 f6 12. a4 Bd7 13. Re1 Nf7 14. Rb1 Qc7
15. Bb5 Ne5 16. Qe4 a6 17. Bxd7+ Qxd7 18. Nd4 f5 19. Qe2 Rc8 20. Bg5 Rxc3 21.
f4 Nf7 22. Bf6 Rg8 23. Nc6 Rxc6 24. dxc6 bxc6 25. Qxa6 Nd8 26. Qa8 Kf7 27. Rb8
Ne6 28. Rb7 Nc7 29. Qa7 Kxf6 30. Rxc7 Qe8 31. Qd4+ e5 32. fxe5+ dxe5 33. Rxe5
c5 34. Qc3 Qxe5 35. Rc6+ 1-0

[Event "Madrid ch Veteranos 2018-2019"]
[Site "Madrid ESP"]
[Date "2019.01.07"]
[Round "1.8"]
[White "Rodriguez Bachiller, Luis"]
[Black "Vukotic Jovsic, Dragan"]
[Result "1/2-1/2"]
[WhiteElo "1613"]
[BlackElo "1959"]
[PlyCount "132"]
[EventDate "2019.01.07"]
[EventType "swiss"]
[EventRounds "9"]
[EventCountry "ESP"]
[SourceTitle "Ajedrez en Madrid"]
[Source "lmi"]
[SourceDate "2019.01.07"]
[SourceVersion "1"]
[SourceVersionDate "2019.01.22"]
[SourceQuality "1"]

1. e4 c5 2. Nf3 d6 3. c3 Nf6 4. Bb5+ Bd7 5. Bxd7+ Qxd7 6. d3 c4 7. O-O Nc6 8.
Bg5 cxd3 9. Qxd3 e6 10. Nbd2 Be7 11. Nc4 d5 12. exd5 Qxd5 13. Qxd5 Nxd5 14.
Bxe7 Kxe7 15. Rad1 b5 16. Nce5 Nxe5 17. Nxe5 Rhc8 18. a3 f6 19. Nf3 a6 20. Rfe1
Kf7 21. Rd4 Re8 22. Kf1 Rad8 23. Red1 Rc8 24. Ne1 Re7 25. Nc2 a5 26. Ke2 Rec7
27. Ne3 Nb6 28. Rd8 Na4 29. Rxc8 Rxc8 30. Rd2 Ke7 31. Kd1 Rc5 32. Kc2 h5 33. h4
g5 34. g3 b4 35. axb4 axb4 36. c4 gxh4 37. gxh4 f5 38. Kb3 f4 39. Ng2 Nb6 40.
Nxf4 Rxc4 41. Nxh5 Rxh4 42. Ng3 Nd5 43. Nf5+ exf5 44. Rxd5 Ke6 45. Rb5 Rf4 46.
Rxb4 Rxf2 47. Kc3 Ke5 48. Kd3 Rf1 49. Ke2 Rb1 50. Kf3 Rf1+ 51. Ke2 Rh1 52. Kf3
Kf6 53. Rb8 Rh3+ 54. Kg2 Rd3 55. b4 Ke5 56. Kf2 Rb3 57. Ke2 Ke4 58. Kd2 f4 59.
Kc2 Rh3 60. Rf8 f3 61. Kd2 Rh2+ 62. Ke1 Rb2 63. Rb8 Kf4 64. Kf1 Rb1+ 65. Kf2
Rb2+ 66. Kf1 Ke3 1/2-1/2

[Event "Madrid ch Veteranos 2018-2019"]
[Site "Madrid ESP"]
[Date "2019.01.07"]
[Round "1.9"]
[White "Lopez de Turiso, Jose Angel"]
[Black "Martinez Martinez, Javier II"]
[Result "1-0"]
[WhiteElo "1950"]
[BlackElo "1604"]
[PlyCount "77"]
[EventDate "2019.01.07"]
[EventType "swiss"]
[EventRounds "9"]
[EventCountry "ESP"]
[SourceTitle "Ajedrez en Madrid"]
[Source "lmi"]
[SourceDate "2019.01.07"]
[SourceVersion "1"]
[SourceVersionDate "2019.01.22"]
[SourceQuality "1"]

1. e4 e5 2. Nf3 Nc6 3. Bc4 Nf6 4. d4 Nxd4 5. Nxe5 Ne6 6. O-O d6 7. Bb5+ c6 8.
Nxc6 bxc6 9. Bxc6+ Bd7 10. Bxa8 Qxa8 11. f3 Be7 12. c4 O-O 13. Nc3 Qc6 14. b3
Qc5+ 15. Kh1 Qh5 16. Be3 Qa5 17. Qd2 Ne8 18. Nd5 Bd8 19. Qxa5 Bxa5 20. Bxa7
N8c7 21. b4 Ra8 22. Be3 Nxd5 23. cxd5 Bxb4 24. dxe6 Bxe6 25. a3 Bc5 26. Rfe1 f6
27. Bxc5 dxc5 28. Rec1 Ra5 29. Rc3 Kf7 30. Rb1 Bd7 31. Rb7 Ke6 32. Kg1 c4 33.
Kf2 Rb5 34. Rxb5 Bxb5 35. Ke3 g5 36. Kd4 Kd6 37. Rxc4 Bxc4 38. Kxc4 Kc6 39. a4
1-0

[Event "Madrid ch Veteranos 2018-2019"]
[Site "Madrid ESP"]
[Date "2019.01.07"]
[Round "1.10"]
[White "Martinez Carrasco, Jesus"]
[Black "Gil Sierra, Jacinto"]
[Result "0-1"]
[WhiteElo "1601"]
[BlackElo "1914"]
[PlyCount "80"]
[EventDate "2019.01.07"]
[EventType "swiss"]
[EventRounds "9"]
[EventCountry "ESP"]
[SourceTitle "Ajedrez en Madrid"]
[Source "lmi"]
[SourceDate "2019.01.07"]
[SourceVersion "1"]
[SourceVersionDate "2019.01.22"]
[SourceQuality "1"]

1. d4 e6 2. c4 f5 3. g3 Nf6 4. Bg2 Bb4+ 5. Nc3 O-O 6. Bd2 d6 7. Nf3 Nbd7 8. O-O
Bxc3 9. Bxc3 Ne4 10. Bb4 b6 11. Qc2 Bb7 12. Nd2 Nxd2 13. Bxb7 Nxf1 14. Bxa8
Qxa8 15. Rxf1 Nf6 16. Qd3 a5 17. Bc3 d5 18. Qe3 Qc6 19. cxd5 Qxd5 20. b3 Ne4
21. Bb2 Rd8 22. f3 Nd6 23. Rc1 Rd7 24. Rd1 h6 25. Qc1 Nb5 26. Qc4 Kf7 27. e4
fxe4 28. fxe4 Qxc4 29. bxc4 Nd6 30. Rf1+ Kg6 31. c5 Nxe4 32. cxb6 cxb6 33. Re1
Ng5 34. Kg2 Rd6 35. h4 Nh7 36. g4 Nf6 37. Kg3 Rc6 38. Re2 Nd5 39. h5+ Kf7 40.
Ba3 Rc3+ 0-1

[Event "Madrid ch Veteranos 2018-2019"]
[Site "Madrid ESP"]
[Date "2019.01.07"]
[Round "1.11"]
[White "Garcia Galeote, Lorenzo"]
[Black "Villodre Miranda, Juan Alonso"]
[Result "1/2-1/2"]
[WhiteElo "1895"]
[BlackElo "1594"]
[PlyCount "76"]
[EventDate "2019.01.07"]
[EventType "swiss"]
[EventRounds "9"]
[EventCountry "ESP"]
[SourceTitle "Ajedrez en Madrid"]
[Source "lmi"]
[SourceDate "2019.01.07"]
[SourceVersion "1"]
[SourceVersionDate "2019.01.22"]
[SourceQuality "1"]

1. d4 f5 2. Bg5 h6 3. Bh4 g5 4. Bg3 f4 5. e3 h5 6. exf4 h4 7. Be2 Nf6 8. fxg5
hxg3 9. gxf6 gxf2+ 10. Kxf2 exf6 11. Bh5+ Ke7 12. Qe1+ Kd6 13. Qb4+ Kc6 14.
Qc4+ Kb6 15. Be2 c6 16. Nc3 d5 17. Qd3 Qd6 18. Nf3 Bg4 19. h3 Bxf3 20. Qxf3 Nd7
21. Rhe1 Bh6 22. Bd3 Rae8 23. a3 Bg5 24. Kg1 Bd2 25. Re2 Rxe2 26. Qxe2 Qf4 27.
Kh1 Be3 28. Na4+ Kc7 29. c3 Qg3 30. Bf5 Bf4 31. Kg1 Qh2+ 32. Kf1 Qh1+ 33. Kf2
Qxa1 34. Bxd7 Qc1 35. Nc5 Qe3+ 36. Qxe3 Bxe3+ 37. Kxe3 b6 38. Bg4 bxc5 1/2-1/2

[Event "Madrid ch Veteranos 2018-2019"]
[Site "Madrid ESP"]
[Date "2019.01.07"]
[Round "1.12"]
[White "Lopez Guitian, Juan J"]
[Black "Esteban Amo, Jose M"]
[Result "0-1"]
[WhiteElo "1577"]
[BlackElo "1888"]
[PlyCount "96"]
[EventDate "2019.01.07"]
[EventType "swiss"]
[EventRounds "9"]
[EventCountry "ESP"]
[SourceTitle "Ajedrez en Madrid"]
[Source "lmi"]
[SourceDate "2019.01.07"]
[SourceVersion "1"]
[SourceVersionDate "2019.01.22"]
[SourceQuality "1"]

1. e4 c5 2. Nf3 g6 3. c3 d5 4. Bb5+ Bd7 5. Qe2 dxe4 6. Bxd7+ Qxd7 7. Qxe4 Nf6
8. Qe2 Nc6 9. O-O Bg7 10. Re1 O-O 11. Na3 e6 12. Rb1 Rfd8 13. b3 Nd5 14. Nc4
Nf4 15. Qe3 Nd3 16. Rd1 Qd5 17. Nb2 Qf5 18. Nxd3 Rxd3 19. Nh4 Qd5 20. c4 Qd6
21. Qe2 Rd8 22. Nf3 Qf4 23. Ne1 R3d7 24. Nf3 Qf5 25. Bb2 Bxb2 26. Rxb2 Nd4 27.
Nxd4 Rxd4 28. f3 Rd3 29. Kf1 Qf6 30. Rc2 Qd4 31. Qf2 Qd6 32. g3 b6 33. Qe2 a5
34. Ke1 h5 35. Qe4 f5 36. Qe2 e5 37. Rc3 e4 38. f4 Qd4 39. Rxd3 Qxd3 40. Qxd3
Rxd3 41. Rc1 h4 42. Rc3 Rxc3 43. dxc3 hxg3 44. hxg3 Kg7 45. a3 Kh6 46. a4 Kh5
47. b4 Kg4 48. Kf2 Kh3 0-1

[Event "Madrid ch Veteranos 2018-2019"]
[Site "Madrid ESP"]
[Date "2019.01.07"]
[Round "1.13"]
[White "Garcia Diez, Mariano"]
[Black "Olmos Sanz, Francisco J"]
[Result "0-1"]
[WhiteElo "1887"]
[BlackElo "1574"]
[PlyCount "60"]
[EventDate "2019.01.07"]
[EventType "swiss"]
[EventRounds "9"]
[EventCountry "ESP"]
[SourceTitle "Ajedrez en Madrid"]
[Source "lmi"]
[SourceDate "2019.01.07"]
[SourceVersion "1"]
[SourceVersionDate "2019.01.22"]
[SourceQuality "1"]

1. e4 c5 2. Nf3 d6 3. d3 Nf6 4. Nbd2 Nc6 5. g3 Bd7 6. Bg2 Qc7 7. O-O Rc8 8. Re1
e6 9. Nf1 Be7 10. h4 O-O 11. N1h2 b5 12. Be3 e5 13. Qd2 a5 14. Ng5 Nd4 15. f4
Ng4 16. f5 Nxe3 17. Rxe3 f6 18. Ngf3 d5 19. Rd1 dxe4 20. dxe4 Bc6 21. Ne1 Rfd8
22. Qf2 Ba8 23. c4 Qd7 24. Kh1 bxc4 25. Qf1 Qa4 26. Rc1 Qxa2 27. Ra3 Qxb2 28.
Qxc4+ Kf8 29. Rxa5 Ne2 30. Rc2 Nxg3+ 0-1

[Event "Madrid ch Veteranos 2018-2019"]
[Site "Madrid ESP"]
[Date "2019.01.07"]
[Round "1.14"]
[White "Tudela Garcia, Antonio"]
[Black "Sotoca Aguado, Jose"]
[Result "0-1"]
[WhiteElo "1568"]
[BlackElo "1881"]
[PlyCount "99"]
[EventDate "2019.01.07"]
[EventType "swiss"]
[EventRounds "9"]
[EventCountry "ESP"]
[SourceTitle "Ajedrez en Madrid"]
[Source "lmi"]
[SourceDate "2019.01.07"]
[SourceVersion "1"]
[SourceVersionDate "2019.01.22"]
[SourceQuality "1"]

1. e4 c6 2. d4 d5 3. e5 Bf5 4. Ne2 e6 5. Ng3 Bg6 6. h4 h6 7. h5 Bh7 8. Bd3 Bxd3
9. Qxd3 Nd7 10. f4 c5 11. f5 c4 12. Qf3 Qb6 13. c3 Ne7 14. fxe6 fxe6 15. Qf2
Nc6 16. Be3 Be7 17. O-O Rf8 18. Qe2 O-O-O 19. Bf2 Bg5 20. Na3 Rf7 21. b3 cxb3
22. Nb5 Be7 23. axb3 a6 24. Nd6+ Bxd6 25. exd6 Nf8 26. c4 Qxb3 27. c5 Qc4 28.
Qb2 Qb4 29. Qa2 Nd7 30. Rab1 Rxf2 31. Rxf2 Qxd4 32. Ne2 Qxc5 33. Rc1 Qb6 34.
Nf4 Qe3 35. Rxc6+ bxc6 36. Qxa6+ Kb8 37. Qxc6 Qb6 38. Qa4 Nc5 39. Qa3 Ne4 40.
Nd3 Nxf2 41. Nxf2 Rxd6 42. Qg3 Qc7 43. Qg6 Rc6 44. Nd3 Rb6 45. Qe8+ Kb7 46. Kf2
Rb3 47. Qg6 Qc2+ 48. Ke3 Qxd3+ 49. Qxd3 Rxd3+ 50. Kxd3 0-1

[Event "Madrid ch Veteranos 2018-2019"]
[Site "Madrid ESP"]
[Date "2019.01.07"]
[Round "1.15"]
[White "Viñas Lopez, Carlos"]
[Black "Ramos Antona, Enrique"]
[Result "1-0"]
[WhiteElo "1879"]
[BlackElo "1561"]
[PlyCount "71"]
[EventDate "2019.01.07"]
[EventType "swiss"]
[EventRounds "9"]
[EventCountry "ESP"]
[SourceTitle "Ajedrez en Madrid"]
[Source "lmi"]
[SourceDate "2019.01.07"]
[SourceVersion "1"]
[SourceVersionDate "2019.01.22"]
[SourceQuality "1"]

1. d4 d6 2. e4 Nf6 3. Nc3 g6 4. Bf4 Bg7 5. Qd2 c6 6. Nf3 Bg4 7. Be2 Qa5 8. h3
Bxf3 9. Bxf3 e5 10. Be3 Nbd7 11. O-O Rd8 12. a3 exd4 13. Bxd4 Ne5 14. Be2 O-O
15. f4 Qc7 16. Rad1 b5 17. Qe1 Nc4 18. Bxc4 bxc4 19. Qh4 Nd7 20. Qf2 Nb6 21.
Bxg7 Kxg7 22. Qd4+ Kg8 23. f5 Qe7 24. f6 Qe5 25. Qe3 Nd7 26. Rf5 Qe6 27. Rdf1
Nxf6 28. Rxf6 Qe5 29. Qxa7 Qc5+ 30. Qxc5 dxc5 31. Rxc6 Rd2 32. Rf2 Rfd8 33. Nd5
Rxf2 34. Kxf2 Rb8 35. Rc8+ Rxc8 36. Ne7+ 1-0

[Event "Madrid ch Veteranos 2018-2019"]
[Site "Madrid ESP"]
[Date "2019.01.07"]
[Round "1.16"]
[White "De Juan Rivas, Antonio"]
[Black "Sanchez Peral, Pedro"]
[Result "0-1"]
[WhiteElo "1560"]
[BlackElo "1873"]
[PlyCount "54"]
[EventDate "2019.01.07"]
[EventType "swiss"]
[EventRounds "9"]
[EventCountry "ESP"]
[SourceTitle "Ajedrez en Madrid"]
[Source "lmi"]
[SourceDate "2019.01.07"]
[SourceVersion "1"]
[SourceVersionDate "2019.01.22"]
[SourceQuality "1"]

1. d4 Nf6 2. Bf4 g6 3. e3 Bg7 4. Nd2 d5 5. Ngf3 O-O 6. c3 b6 7. Be2 Bb7 8. Ne5
Nbd7 9. h4 Ne4 10. Ng4 f5 11. Ne5 Nxe5 12. Nxe4 fxe4 13. Bxe5 e6 14. Bg4 Qe7
15. Bg3 c5 16. h5 cxd4 17. hxg6 dxc3 18. gxh7+ Kh8 19. Rc1 cxb2 20. Rb1 Ba6 21.
Be2 Qb4+ 22. Kf1 Bxe2+ 23. Qxe2 Rac8 24. f3 Rc1+ 25. Kf2 Rfc8 26. Rhxc1 bxc1=Q
27. Rxb4 Rc2 0-1

[Event "Madrid ch Veteranos 2018-2019"]
[Site "Madrid ESP"]
[Date "2019.01.07"]
[Round "1.17"]
[White "Largo Barbero, Benito"]
[Black "Garcia Lafuente, Luis"]
[Result "1-0"]
[WhiteElo "1872"]
[BlackElo "1556"]
[PlyCount "83"]
[EventDate "2019.01.07"]
[EventType "swiss"]
[EventRounds "9"]
[EventCountry "ESP"]
[SourceTitle "Ajedrez en Madrid"]
[Source "lmi"]
[SourceDate "2019.01.07"]
[SourceVersion "1"]
[SourceVersionDate "2019.01.22"]
[SourceQuality "1"]

1. d4 d6 2. Nf3 Nf6 3. Bf4 g6 4. Nbd2 Bg7 5. e4 Nbd7 6. Bc4 Nb6 7. Bb3 a5 8. c3
Bd7 9. Qe2 a4 10. Bc2 O-O 11. h3 Qc8 12. a3 Re8 13. O-O Nh5 14. Bh2 e5 15. dxe5
dxe5 16. Rfd1 Nf4 17. Bxf4 exf4 18. Nh2 Ra5 19. Bd3 Bxh3 20. gxh3 Rg5+ 21. Kh1
Qxh3 22. Qf3 Qh4 23. Rg1 Rh5 24. Rg2 Nd7 25. Qg4 Qd8 26. Qe2 Nc5 27. Bc4 Ne6
28. Rd1 Qe7 29. f3 c6 30. Ba2 Kh8 31. Nc4 Ng5 32. Nd6 Rf8 33. Qd3 Be5 34. Kg1
Rd8 35. Nxf7+ Nxf7 36. Qc2 Qc5+ 37. Kf1 Rxd1+ 38. Qxd1 Qe7 39. Rd2 Qh4 40. Bxf7
Qh3+ 41. Rg2 Rg5 42. Qd8+ 1-0

[Event "Madrid ch Veteranos 2018-2019"]
[Site "Madrid ESP"]
[Date "2019.01.07"]
[Round "1.18"]
[White "Diaz Begonte, Manuel"]
[Black "Camarero Izquierdo, Juan Carlos"]
[Result "0-1"]
[WhiteElo "1552"]
[BlackElo "1860"]
[PlyCount "56"]
[EventDate "2019.01.07"]
[EventType "swiss"]
[EventRounds "9"]
[EventCountry "ESP"]
[SourceTitle "Ajedrez en Madrid"]
[Source "lmi"]
[SourceDate "2019.01.07"]
[SourceVersion "1"]
[SourceVersionDate "2019.01.22"]
[SourceQuality "1"]

1. e4 c5 2. d4 cxd4 3. c3 dxc3 4. Nxc3 e6 5. Nf3 a6 6. Bc4 b5 7. Bb3 Bb7 8. Qe2
Bb4 9. O-O Nf6 10. e5 Bxc3 11. bxc3 Nd5 12. Bb2 O-O 13. Nd4 Nc6 14. Bxd5 Nxd4
15. cxd4 Bxd5 16. Qg4 Rc8 17. Bc1 f5 18. Qg3 Rc4 19. Ba3 b4 20. Bb2 f4 21. Qg4
Rf5 22. f3 Rc2 23. Rf2 Qc7 24. Qh4 Rf8 25. Rxc2 Qxc2 26. Qf2 Rc8 27. Qxc2 Rxc2
28. Bc1 Bxa2 0-1

[Event "Madrid ch Veteranos 2018-2019"]
[Site "Madrid ESP"]
[Date "2019.01.07"]
[Round "1.19"]
[White "Lopez Heras, Arturo"]
[Black "Yela Garcia, Carlos"]
[Result "1-0"]
[WhiteElo "1858"]
[BlackElo "1546"]
[PlyCount "73"]
[EventDate "2019.01.07"]
[EventType "swiss"]
[EventRounds "9"]
[EventCountry "ESP"]
[SourceTitle "Ajedrez en Madrid"]
[Source "lmi"]
[SourceDate "2019.01.07"]
[SourceVersion "1"]
[SourceVersionDate "2019.01.22"]
[SourceQuality "1"]

1. e4 c5 2. Nf3 Nc6 3. d4 cxd4 4. Nxd4 g6 5. Nxc6 bxc6 6. Qd4 f6 7. Bc4 Qb6 8.
Be3 Qxd4 9. Bxd4 Bb7 10. Nc3 e5 11. Be3 Bh6 12. Bc5 Bf8 13. Bxf8 Kxf8 14. Rd1
Rd8 15. O-O Ne7 16. Rd6 Kg7 17. Rfd1 Bc8 18. Na4 f5 19. f3 fxe4 20. fxe4 Rhf8
21. Nc5 Rf4 22. g3 Rf6 23. Rxf6 Kxf6 24. Rd6+ Kg7 25. Ne6+ dxe6 26. Rxd8 Kf6
27. Rf8+ Kg7 28. Rf3 c5 29. Ra3 Nc6 30. Bb5 Nd4 31. Rxa7+ Kf6 32. Ba4 h5 33.
Kf2 Kg5 34. c3 Nf5 35. exf5 exf5 36. h4+ Kh6 37. Rc7 1-0

[Event "Madrid ch Veteranos 2018-2019"]
[Site "Madrid ESP"]
[Date "2019.01.07"]
[Round "1.20"]
[White "Prieto Gonzalez, Cesar"]
[Black "Garcia Martin, Esteban"]
[Result "1/2-1/2"]
[WhiteElo "1505"]
[BlackElo "1856"]
[PlyCount "93"]
[EventDate "2019.01.07"]
[EventType "swiss"]
[EventRounds "9"]
[EventCountry "ESP"]
[SourceTitle "Ajedrez en Madrid"]
[Source "lmi"]
[SourceDate "2019.01.07"]
[SourceVersion "1"]
[SourceVersionDate "2019.01.22"]
[SourceQuality "1"]

1. e4 e5 2. Nf3 Nc6 3. Bb5 a6 4. Ba4 Nf6 5. d3 b5 6. Bb3 Be7 7. c3 O-O 8. O-O
d5 9. Nbd2 Bg4 10. Re1 d4 11. Nf1 Qd7 12. Ng3 Rad8 13. Bc2 Nh5 14. h3 Bxf3 15.
Qxf3 Nxg3 16. Qxg3 Rfe8 17. f4 Bc5 18. Kh1 b4 19. c4 f6 20. f5 Nb8 21. Bd1 Bf8
22. h4 Kh8 23. Bh5 Re7 24. Bd2 a5 25. a3 Qd6 26. axb4 axb4 27. Ra4 c5 28. Rea1
Qb6 29. Bd1 Rdd7 30. Bb3 Ra7 31. h5 h6 32. Qg6 Reb7 33. Qe8 Kg8 34. Rxa7 Rxa7
35. Ba4 Qd6 36. b3 Kh7 37. Rf1 Nd7 38. Bxd7 Rxd7 39. Ra1 Qe7 40. Qg6+ Kh8 41.
Ra8 Rd8 42. Ra6 Rd6 43. Ra8 Rd8 44. Ra5 Rd7 45. Ra8 Rd8 46. Ra4 Rd7 47. Ra8
1/2-1/2

[Event "Madrid ch Veteranos 2018-2019"]
[Site "Madrid ESP"]
[Date "2019.01.07"]
[Round "1.21"]
[White "Marcos Herrero, Francisco"]
[Black "Sierra Garcia, Ricardo"]
[Result "1-0"]
[WhiteElo "1855"]
[BlackElo "1394"]
[PlyCount "91"]
[EventDate "2019.01.07"]
[EventType "swiss"]
[EventRounds "9"]
[EventCountry "ESP"]
[SourceTitle "Ajedrez en Madrid"]
[Source "lmi"]
[SourceDate "2019.01.07"]
[SourceVersion "1"]
[SourceVersionDate "2019.01.22"]
[SourceQuality "1"]

1. d4 Nf6 2. c4 e6 3. g3 d5 4. Bg2 Nbd7 5. Nf3 Bb4+ 6. Bd2 Bxd2+ 7. Nbxd2 O-O
8. O-O b6 9. cxd5 exd5 10. Rc1 Bb7 11. b4 Rc8 12. Qb3 Re8 13. e3 Ba6 14. b5 Bb7
15. Rc3 c5 16. bxc6 Rxc6 17. Rfc1 Rxc3 18. Rxc3 Re6 19. Qc2 Qa8 20. Bh3 Rc6 21.
Ne5 Rxc3 22. Qxc3 Qc8 23. Qxc8+ Bxc8 24. Nc6 Kf8 25. Nxa7 Ba6 26. Nc6 Bc4 27.
a3 h5 28. f3 Bb5 29. Bxd7 Nxd7 30. Nb4 Nf6 31. e4 Bc4 32. Kf2 Ke8 33. Ke3 Kd7
34. e5 Nh7 35. Nb1 Ke6 36. Nc3 f6 37. f4 g6 38. Na4 f5 39. Nxb6 Nf8 40. Nxc4
dxc4 41. d5+ Kd7 42. Kd4 Kc7 43. Kxc4 Kb6 44. e6 Nh7 45. d6 Nf6 46. Nd5+ 1-0